Normal view
MARC view
- Dr. Babar Aslam
Entry Personal Name
001 - CONTROL NUMBER
- control field: 35089
003 - CONTROL NUMBER IDENTIFIER
- control field: NUST
005 - DATE AND TIME OF LATEST TRANSACTION
- control field: 20201110154629.0
008 - FIXED-LENGTH DATA ELEMENTS
- fixed length control field: 201110|| aca||aabn | a|a d
040 ## - CATALOGING SOURCE
- Original cataloging agency: NUST
- Transcribing agency: NUST
100 ## - HEADING--PERSONAL NAME
- Personal name: Dr. Babar Aslam
670 ## - SOURCE DATA FOUND
- Source citation: Work cat.: (NUST): Ahmad, Farhan Habib 35087, Detection of Advance Persistent Threat (APT), 2015.
